Rediseño de la distribución de planta en una empresa dedicada a la fabricación de potenciómetros de alta tecnología
Salvato in:
| Autore principale: | |
|---|---|
| Altri autori: | |
| Natura: | Libro |
| Pubblicazione: |
San José, C.R
2002
|
| Soggetti: | |
| Tags: |
Aggiungi Tag
Nessun Tag, puoi essere il primo ad aggiungerne!!
|
MARC
| LEADER | 00000nam a2200000Ia 4500 | ||
|---|---|---|---|
| 003 | 008850 | ||
| 005 | 20221231144158.0 | ||
| 008 | 140114s2002 cr a m 000 ||s d | ||
| 040 | |c cru CEDI | ||
| 090 | |a TFG 4409 | ||
| 100 | |a Brumley Salazar, Belina |9 7577 | ||
| 245 | |a Rediseño de la distribución de planta en una empresa dedicada a la fabricación de potenciómetros de alta tecnología | ||
| 260 | |c 2002 |a San José, C.R | ||
| 300 | |a xxiv, 223 hojas (alguna plegables) : ilustraciones, mapas (algunas plegables,) | ||
| 500 | |a Proyecto de graduación (licenciatura en ingeniería industrial)--Universidad de Costa Rica. Facultad de Ingeniería. Escuela de Ingeniería Industrial | ||
| 650 | |x TRIMPOT ELECTRONICAS S.A. (COSTA RICA) |x DISTRIBUCION EN PLANTA |x PRODUCCION (TEORIA ECONOMICA) |x ADMINISTRACION |9 7578 | ||
| 700 | |9 7579 |a Martínez Alvarado, Andrea | ||
| 942 | |c TFG | ||
| 999 | |c 18030 |d 18030 | ||
